000 01046nam a22002897a 4500
003 DO-SdBNP
005 20171206111228.0
008 161031b 1996 xxu a 00| 0 spa d
020 _a0673758478
040 _aBPMSU
_bspa
_cBPMSU
082 _axxxx
_bM3791s
100 1 _aMartin, Bill, Jr.
245 1 0 _aSabrosas, sabrosísimas /
_cBill Martin, Jr., Michael Sampson ; ilustraciones Oliver Dunrea ; adaptación Natalía Ruano Martínez ; traducción Patricia Almada, Mercedes Quintana Barragán
260 _aEstados Unidos :
_bCelebration Press,
_bScott Foresman,
_c1996.
300 _a8 p. :
_bil. ;
_c18 cm.
490 1 _aPequeñitas celebraciones
700 1 2 _aSampson, Michael
700 1 2 _aDunrea, Oliver
_eil.
700 1 2 _aRuano Martínez, Natalía
_eadap.
700 1 2 _aAlmada, Patricia
_etrad.
700 1 2 _aQuintana Barragán, Mercedes
_etrad.
830 0 _aPequeñitas celebraciones
910 _a000144
942 _2ddc
_cBK
945 _ainventariado extranjero / DG
956 _2YLOCKWARD
_310
_8BPMSU
_aYngrid Lockward
999 _c12714
_d12714